000
00362nam a2200157Ia 4500
005
20251020182614.0
008
200515s9999 xx 000 0 und d
082
_a
SC/691.41(083.74)/P45/1999
110
_a
Ministerio de Transportes y Comunicaciones
245
0
_a
Adobe
260
_a
Lima
260
_c
2000
300
_a
35
650
_a
ADOBE
942
_c
LIB
999
_c
3453
_d
3453